[Event "Graz op"]
[Site "Graz"]
[Date "2002.??.??"]
[Round "8"]
[White "Eingorn, Vereslav S"]
[Black "Rabiega, Robert"]
[Result "1-0"]
[WhiteElo "2598"]
[BlackElo "2514"]
[PlyCount "139"]
[EventDate "2002.??.??"]
[EventType "swiss"]
[EventRounds "9"]
[EventCountry "AUT"]
[Source "Fruth,M"]
[SourceDate "2003.05.15"]

1. d4 d5 2. c4 Nc6 3. Nf3 Bg4 4. Nc3 e6 5. e3 Bb4 6. Bd2 Nf6 7. h3 Bh5 8. a3
Bxc3 9. Bxc3 Ne4 10. Rc1 O-O 11. Be2 dxc4 12. Bxc4 Nxc3 13. Rxc3 Ne7 14. O-O
Nd5 15. Rc1 c6 16. Be2 Bxf3 17. Bxf3 Qe7 18. Rc5 Rfd8 19. Qc2 Rd7 20. Rc1 Rad8
21. b4 a6 22. Qb3 g6 23. a4 Nc7 24. Be2 Rd5 25. b5 axb5 26. axb5 Rxc5 27. Rxc5
cxb5 28. Qc2 Rd7 29. Bf3 b6 30. Rc6 Nd5 31. Bxd5 Rxd5 32. Rxb6 Qd7 33. Qc3 h5
34. Rb8+ Kg7 35. Qb4 Qd6 36. Qxd6 Rxd6 37. Rxb5 Ra6 38. g4 hxg4 39. hxg4 f6 40.
Rb7+ Kh6 41. Kg2 g5 42. Kf3 Kg6 43. Ke4 Ra2 44. Re7 Rxf2 45. Rxe6 Rg2 46. Kf3
Rd2 47. Re7 Rd1 48. Rd7 Rf1+ 49. Kg2 Rd1 50. Re7 Rd3 51. Kf2 Rd2+ 52. Kf3 Rd1
53. Ke2 Rg1 54. Re4 Kf7 55. d5 Ra1 56. Rb4 Ke7 57. Kf3 Rg1 58. Rb6 Rf1+ 59. Ke4
Rf2 60. Re6+ Kd7 61. Kd3 Kc7 62. Rc6+ Kd7 63. Rc2 Rf1 64. Ke2 Ra1 65. Rc6 Ke7
66. Re6+ Kf7 67. Rc6 Ke7 68. Kd3 Rf1 69. Re6+ Kd7 70. Ke2 1-0

[Event "GBR-ch"]
[Site "Torquay"]
[Date "2002.08.08"]
[Round "10"]
[White "Pert, Nicholas"]
[Black "Sasikiran, Krishnan"]
[Result "0-1"]
[WhiteElo "2460"]
[BlackElo "2650"]
[PlyCount "112"]
[EventDate "2002.07.29"]
[EventType "swiss"]
[EventRounds "11"]
[EventCountry "ENG"]
[Source "Fruth,M"]
[SourceDate "2003.05.15"]

1. d4 d5 2. c4 Nc6 3. Nf3 Bg4 4. cxd5 Bxf3 5. gxf3 Qxd5 6. e3 e5 7. Nc3 Bb4 8.
Bd2 Bxc3 9. bxc3 Qd6 10. Rb1 Rb8 11. f4 exf4 12. e4 Nge7 13. Qf3 Ng6 14. h4 h5
15. e5 Qe6 16. Be2 Nce7 17. Rxb7 O-O 18. Bc1 c5 19. Ba3 cxd4 20. cxd4 Nf5 21.
Bxf8 Nxd4 22. Qe4 Rxb7 23. Qxd4 Nxf8 24. O-O Qf5 25. Bf3 Rd7 26. Qe4 Qxe4 27.
Bxe4 Re7 28. Rd1 Rxe5 29. f3 g6 30. Kf2 Kg7 31. Bd5 Re7 32. Bb3 Rd7 33. Re1 f6
34. Re4 g5 35. Ra4 Ng6 36. hxg5 fxg5 37. Ra5 Kh6 38. Ra6 g4 39. Be6 g3+ 40. Ke1
g2 41. Kf2 Rd2+ 42. Kg1 Nh4 43. Bh3+ Kg5 44. Ra5+ Kf6 45. Ra6+ Ke5 46. Ra5+ Kd4
47. Ra4+ Kd3 48. Ra3+ Kc2 49. Kh2 Rf2 50. Bxg2 Nxg2 51. Kg1 Rd2 52. Rxa7 Ne1
53. Rc7+ Kd1 54. Rc3 Ke2 55. a4 Nxf3+ 56. Kg2 Nd4 0-1

[Event "Patras op"]
[Site "Patras"]
[Date "2002.08.07"]
[Round "8.1"]
[White "Antic, Dejan"]
[Black "Istratescu, Andrei"]
[Result "0-1"]
[WhiteElo "2481"]
[BlackElo "2622"]
[PlyCount "132"]
[EventDate "2002.08.??"]
[EventType "swiss"]
[EventRounds "9"]
[EventCountry "GRE"]
[Source "Fruth,M"]
[SourceDate "2003.05.15"]

1. d4 d5 2. c4 Nc6 3. Nf3 Bg4 4. Nc3 Bxf3 5. exf3 e6 6. cxd5 exd5 7. Bb5 Bb4 8.
Qa4 Qd7 9. O-O Nge7 10. Re1 O-O-O 11. Bd2 Kb8 12. Rac1 Rhe8 13. a3 Bd6 14. Qd1
a6 15. Ba4 Nc8 16. Rxe8 Rxe8 17. Nxd5 Bxh2+ 18. Kxh2 Qxd5 19. Bf4 Rd8 20. Bxc6
bxc6 21. Qa4 Kb7 22. Rc5 Qe6 23. Re5 Qd6 24. Rf5 Qe6 25. Re5 Qd6 26. Qb3+ Nb6
27. Rf5 Qxd4 28. Rxf7 Rd7 29. Rxd7 Qxd7 30. Be5 g6 31. f4 Qd5 32. Qc3 Nc4 33.
Qb4+ Qb5 34. Qe7 Qb6 35. Qxh7 Nxe5 36. fxe5 Qxf2 37. Qxg6 Qh4+ 38. Kg1 Qd4+ 39.
Kh2 Qxe5+ 40. Qg3 Qxb2 41. Qf3 Kb6 42. Kh3 c5 43. g4 Qe5 44. Qb3+ Ka7 45. a4
Qh8+ 46. Kg3 Qd4 47. Qf7 Kb6 48. g5 c4 49. g6 c3 50. g7 c2 51. g8=Q Qg1+ 52.
Kh3 Qxg8 53. Qxg8 c1=Q 54. Qb3+ Ka5 55. Kg2 c5 56. Qb7 Qd2+ 57. Kf3 Qd3+ 58.
Kf2 Kxa4 59. Ke1 a5 60. Qc6+ Qb5 61. Qd5 c4 62. Qd1+ Qb3 63. Qd7+ Ka3 64. Qa7
a4 65. Ke2 c3 66. Qc5+ Kb2 0-1

[Event "FIDE World Cup D"]
[Site "Hyderabad"]
[Date "2002.10.14"]
[Round "5"]
[White "Harikrishna, Penteala"]
[Black "Morozevich, Alexander"]
[Result "1-0"]
[WhiteElo "2551"]
[BlackElo "2707"]
[PlyCount "95"]
[EventDate "2002.10.05"]
[EventType "tourn"]
[EventRounds "5"]
[EventCountry "IND"]
[EventCategory "15"]
[Source "Fruth,M"]
[SourceDate "2003.05.15"]

1. d4 d5 2. c4 Nc6 3. Nf3 Bg4 4. Nc3 e6 5. Bg5 f6 6. cxd5 exd5 7. Bf4 Bb4 8. e3
Nge7 9. Be2 Qd7 10. Rc1 g5 11. Bg3 h5 12. h3 Be6 13. Nd2 Bf7 14. Bd3 h4 15. Bh2
Bd6 16. Bxd6 cxd6 17. a3 O-O-O 18. b4 Kb8 19. Nb3 Rc8 20. Kd2 Bh5 21. Qg1 f5
22. Qh2 Ka8 23. Na2 Rcf8 24. b5 Nd8 25. Nb4 f4 26. Kc2 fxe3 27. fxe3 Rf2+ 28.
Kb1 Bf3 29. Rc2 Rxc2 30. Bxc2 Be4 31. Bxe4 dxe4 32. Rc1 Ne6 33. a4 Nf5 34. Qg1
Rc8 35. Qf2 Rxc1+ 36. Nxc1 Nc7 37. Kb2 Kb8 38. Nca2 a5 39. bxa6 bxa6 40. d5 Ne7
41. Qf7 Kc8 42. Nc3 a5 43. Nc2 Nexd5 44. Qg8+ Qd8 45. Nxd5 Qxg8 46. Ne7+ Kd7
47. Nxg8 Nd5 48. Kb3 1-0

[Event "Bled olm 35"]
[Site "Bled"]
[Date "2002.10.31"]
[Round "6"]
[White "Seirawan, Yasser"]
[Black "Hansen, Sune Berg"]
[Result "1-0"]
[WhiteElo "2629"]
[BlackElo "2555"]
[PlyCount "87"]
[EventDate "2002.10.26"]
[EventType "team"]
[EventRounds "14"]
[EventCountry "SLO"]
[Source "Fruth,M"]
[SourceDate "2003.05.15"]

1. d4 d5 2. c4 Nc6 3. Nf3 Bg4 4. Nc3 e6 5. cxd5 exd5 6. Bf4 Bxf3 7. gxf3 Bd6 8.
Nxd5 Bxf4 9. Nxf4 Qxd4 10. Qxd4 Nxd4 11. O-O-O Rd8 12. e3 Ne6 13. Rxd8+ Kxd8
14. Nxe6+ fxe6 15. Bc4 Ke7 16. Rg1 g6 17. Rg5 Kf6 18. Ra5 a6 19. Ra3 Ke7 20.
Rb3 b5 21. Be2 Nf6 22. Ra3 Rd8 23. Rxa6 Rd5 24. f4 g5 25. fxg5 Rxg5 26. h4 Rc5+
27. Kd1 Ne4 28. f3 Nd6 29. a4 Nc4 30. b4 Rd5+ 31. Ke1 Nxe3 32. Bxb5 Nc2+ 33.
Kf2 Nxb4 34. Ra8 Rc5 35. Rh8 h5 36. Rh7+ Kd6 37. Be8 Nd5 38. Rxh5 Rc2+ 39. Kg3
c5 40. Rh8 c4 41. h5 Ke5 42. Bg6 Ra2 43. Rf8 Ne7 44. Be4 1-0

[Event "Novi Sad TS01 GM IT"]
[Site "Novi Sad"]
[Date "2003.01.23"]
[Round "8"]
[White "Fontaine, Robert"]
[Black "Marzolo, Cyril"]
[Result "1/2-1/2"]
[WhiteElo "2529"]
[BlackElo "2480"]
[PlyCount "21"]
[EventDate "2003.01.18"]
[EventType "tourn"]
[EventRounds "11"]
[EventCountry "YUG"]
[EventCategory "9"]
[Source "Fruth,M"]
[SourceDate "2003.05.15"]

1. Nf3 d5 2. d4 Nc6 3. c4 Bg4 4. cxd5 Bxf3 5. gxf3 Qxd5 6. e3 e5 7. Nc3 Bb4 8.
Bd2 Bxc3 9. bxc3 Nf6 10. Rg1 O-O 11. Bd3 1/2-1/2

[Event "Bad Woerishofen op 19"]
[Site "Bad Woerishofen"]
[Date "2003.03.19"]
[Round "7"]
[White "Savchenko, Stanislav"]
[Black "Miladinovic, Igor"]
[Result "1-0"]
[WhiteElo "2539"]
[BlackElo "2526"]
[PlyCount "74"]
[EventDate "2003.03.13"]
[EventType "swiss"]
[EventRounds "9"]
[EventCountry "GER"]
[Source "Fruth,M"]
[SourceDate "2003.05.15"]

1. d4 d5 2. c4 Nc6 3. Nf3 Bg4 4. Nc3 e6 5. cxd5 exd5 6. Bf4 Bd6 7. Bg3 Bxg3 8.
hxg3 Qd6 9. e3 Nf6 10. a3 O-O 11. Qc2 Rfe8 12. Be2 a6 13. Rc1 Rad8 14. Kf1 g6
15. Bd3 Nh5 16. Ne2 Qf6 17. Nf4 Bxf3 18. gxf3 Nxg3+ 19. fxg3 Rxe3 20. Qf2 Qxd4
21. Rd1 Qb6 22. Ng2 Re6 23. Qxb6 cxb6 24. Kf2 b5 25. Nf4 Red6 26. Rh6 R8d7 27.
Rdh1 f5 28. Bb1 Ne5 29. Re1 Nc4 30. Re2 Kg7 31. Rh1 d4 32. Bd3 Ne3 33. Rc1 Kf6
34. Ree1 g5 35. Ne2 h5 36. Rh1 Rc6 37. Rcg1 Rh7 1-0

[Event "Internet Section 14 A"]
[Site "Dos Hermanas"]
[Date "2003.03.14"]
[Round "?"]
[White "TheBlackCastle"]
[Black "C-Bing"]
[Result "1-0"]
[WhiteElo "2645"]
[BlackElo "2685"]
[PlyCount "81"]
[EventDate "2003.03.14"]
[EventType "swiss (blitz)"]
[EventRounds "9"]
[EventCountry "ESP"]
[Source "Fruth,M"]
[SourceDate "2003.05.15"]

1. d4 d5 2. c4 Nc6 3. Nf3 Bg4 4. Qa4 Nf6 5. Nc3 dxc4 6. Ne5 Bd7 7. Qxc4 Be6 8.
Qd3 Qxd4 9. Nxc6 Qxd3 10. exd3 bxc6 11. Be2 g6 12. Be3 Bg7 13. Rc1 O-O 14. O-O
Rfd8 15. b3 Nd5 16. Nxd5 Bxd5 17. d4 a5 18. Bc4 Ra7 19. Rfd1 e6 20. Bg5 Rb8 21.
Be7 Bf8 22. Bxf8 Kxf8 23. Rd2 a4 24. f3 axb3 25. axb3 Ke7 26. Kf2 Kd6 27. Kg3
Rb4 28. Rdc2 Bxc4 29. bxc4 c5 30. Rd1 cxd4 31. Rxd4+ Kc6 32. Rf4 f5 33. Rh4 h5
34. Kf4 Ra8 35. Kg5 Rg8 36. Re2 Kd6 37. Rd4+ Kc5 38. Rd7 Kxc4 39. Rxc7+ Kd5 40.
Rd2+ Ke5 41. Rc5# 1-0

[Event "Internet Section 17 A"]
[Site "Dos Hermanas"]
[Date "2003.03.17"]
[Round "?"]
[White "Bingcoy"]
[Black "C-Bing"]
[Result "0-1"]
[WhiteElo "2773"]
[BlackElo "2693"]
[PlyCount "82"]
[EventDate "2003.03.17"]
[EventType "swiss (blitz)"]
[EventRounds "9"]
[EventCountry "ESP"]
[Source "Fruth,M"]
[SourceDate "2003.05.15"]

1. d4 d5 2. c4 Nc6 3. Nf3 Bg4 4. Qa4 Bxf3 5. gxf3 dxc4 6. e3 e5 7. dxe5 Qd5 8.
Nc3 Qxf3 9. Rg1 Qh5 10. Bg2 Nge7 11. Qxc4 Qxh2 12. Kf1 Qxe5 13. Bh3 Rd8 14. Rg4
a6 15. Re4 Qh5 16. Kg2 Rd6 17. b3 Rg6+ 18. Rg4 Ne5 19. Qa4+ b5 20. Nxb5 Rxg4+
21. Bxg4 Qxg4+ 22. Qxg4 Nxg4 23. Nxc7+ Kd7 24. Nxa6 Nc6 25. Bd2 Bd6 26. b4 Nb8
27. Nxb8+ Rxb8 28. Rb1 Ne5 29. Bc3 f6 30. a4 Nc4 31. b5 Ra8 32. Ra1 Bc7 33. Kf3
Ba5 34. Bd4 Bb6 35. Bxb6 Nxb6 36. a5 Nc4 37. a6 Kd6 38. Rh1 h6 39. Rg1 Ra7 40.
Rh1 Kc5 41. Rh5+ Kb6 0-1

[Event "Internet Section 17 A"]
[Site "Dos Hermanas"]
[Date "2003.03.17"]
[Round "?"]
[White "FrozenShade"]
[Black "C-Bing"]
[Result "1-0"]
[WhiteElo "2836"]
[BlackElo "2642"]
[PlyCount "81"]
[EventDate "2003.03.17"]
[EventType "swiss (blitz)"]
[EventRounds "9"]
[EventCountry "ESP"]
[Source "Fruth,M"]
[SourceDate "2003.05.15"]

1. Nf3 d5 2. d4 Nc6 3. c4 Bg4 4. Nc3 e6 5. e3 Bb4 6. Qb3 Bxf3 7. gxf3 Nge7 8.
a3 Bxc3+ 9. Qxc3 O-O 10. b3 e5 11. dxe5 d4 12. exd4 Nxd4 13. Bb2 c5 14. b4 Qc7
15. O-O-O b6 16. f4 Qc6 17. Rg1 Qe4 18. Rxd4 cxd4 19. Qxd4 Qe1+ 20. Qd1 Qxf2
21. Qg4 g6 22. Bd3 Rad8 23. Rg3 h5 24. Qg5 Qe1+ 25. Kc2 Qf2+ 26. Kb3 Qd2 27.
Bc2 a5 28. Bc3 a4+ 29. Kb2 Qxh2 30. e6 f6 31. Bxf6 Rxf6 32. Qxf6 Qxg3 33. Qf7+
Kh8 34. Qxe7 Rg8 35. Qf6+ Kh7 36. e7 Qe3 37. f5 g5 38. Qf7+ Kh8 39. Qxh5+ Kg7
40. Qg6+ Kh8 41. Qh6# 1-0

[Event "Internet Section 17 B"]
[Site "Dos Hermanas"]
[Date "2003.03.17"]
[Round "5"]
[White "H-Morgan"]
[Black "Chende"]
[Result "0-1"]
[WhiteElo "2803"]
[BlackElo "2717"]
[PlyCount "118"]
[EventDate "2003.03.17"]
[EventType "swiss (blitz)"]
[EventRounds "9"]
[EventCountry "ESP"]
[Source "Fruth,M"]
[SourceDate "2003.05.15"]

1. d4 d5 2. c4 Nc6 3. Nf3 Nf6 4. cxd5 Nxd5 5. e4 Nf6 6. e5 Nd5 7. Nc3 Bg4 8.
Bc4 e6 9. Bxd5 exd5 10. Be3 Be7 11. h3 Bh5 12. Qb3 Bb4 13. Nd2 O-O 14. O-O Qh4
15. f4 Rad8 16. Nf3 Bxf3 17. Rxf3 Bxc3 18. Qxc3 f5 19. b4 a6 20. a4 Rd7 21. b5
axb5 22. axb5 Nd8 23. Ra7 Qe7 24. Bd2 c6 25. b6 Ne6 26. Rf1 Rfd8 27. Rfa1 Qh4
28. Rf1 Qe7 29. Rfa1 h6 30. Be3 Qh4 31. Rf1 Rf7 32. Qd2 Rdf8 33. Kh2 g5 34. g3
Qh5 35. Rg1 Rg7 36. Raa1 Qf3 37. Rg2 Kh7 38. Rag1 Rfg8 39. Qf2 Qxf2 40. Rxf2
gxf4 41. Bxf4 Rf7 42. Be3 Ra8 43. Rgf1 Ra3 44. Bd2 Ra2 45. Be3 Ra3 46. Rf3 Kg6
47. R1f2 Rb3 48. h4 h5 49. Rc2 Nxd4 50. Bxd4 Rxf3 51. Ra2 Rd3 52. Ba1 d4 53.
Ra8 Re7 54. Rd8 Rxe5 55. Bxd4 Re2+ 56. Kh3 Rdd2 57. Rd6+ Kf7 58. Rf6+ Ke7 59.
g4 Rd3+ 0-1

[Event "POL-ch 60"]
[Site "Warsaw"]
[Date "2003.04.23"]
[Round "2"]
[White "Grabarczyk, Miroslaw"]
[Black "Miton, Kamil"]
[Result "1-0"]
[WhiteElo "2508"]
[BlackElo "2545"]
[PlyCount "171"]
[EventDate "2003.04.22"]
[EventType "tourn"]
[EventRounds "13"]
[EventCountry "POL"]
[EventCategory "12"]
[Source "Fruth,M"]
[SourceDate "2003.05.15"]

1. d4 d5 2. c4 Nc6 3. Nf3 Bg4 4. Nc3 e6 5. Bg5 f6 6. cxd5 exd5 7. Bf4 Bb4 8. e3
Nge7 9. h3 Be6 10. Rc1 O-O 11. Bd3 Qd7 12. O-O Nd8 13. a3 Bxc3 14. Rxc3 c6 15.
b4 Bf5 16. Be2 Ne6 17. Bh2 h6 18. a4 Ng5 19. Nxg5 hxg5 20. b5 Rfc8 21. Qb3 cxb5
22. axb5 Rxc3 23. Qxc3 Rc8 24. Qa3 Rc2 25. Bd1 Rc8 26. Be2 Rc2 27. Bf3 Kh8 28.
Ra1 Ng6 29. Qb3 Rc4 30. Bg3 b6 31. Be2 Rc2 32. Bd3 Rc8 33. Bf1 Ne7 34. Qa3 Ra8
35. Be2 Kg8 36. Bd6 Kf7 37. Bf3 Be6 38. Bh5+ g6 39. Be2 Qb7 40. Bh2 Qd7 41. Bd6
Qb7 42. Qb4 Re8 43. Bh2 Rc8 44. Bd6 Re8 45. Bf3 Qd7 46. Be2 Qb7 47. Qb3 Qd7 48.
Qa3 Ra8 49. Bd3 Bf5 50. Bxe7 Qxe7 51. Bxf5 gxf5 52. Qb3 Qd7 53. Rc1 Kg6 54. Rc6
Re8 55. Qc2 Re6 56. Kf1 Re4 57. Kg1 Re6 58. Qa4 Re8 59. Qa3 Re6 60. Rxe6 Qxe6
61. Qxa7 f4 62. Qa3 Qe4 63. Kh2 f3 64. gxf3 Qxf3 65. Qd3+ f5 66. Qf1 Kh5 67.
Qg2 Qe2 68. Qg3 Qxb5 69. Qc7 Kg6 70. Qd6+ Kh7 71. Qe7+ Kg6 72. Qe6+ Kg7 73.
Qxf5 Qf1 74. Qxg5+ Kh7 75. Qf5+ Kh6 76. Qf4+ Kh7 77. Qf7+ Kh6 78. Qf6+ Kh7 79.
Kg3 Qg1+ 80. Kf3 b5 81. Qe7+ Kg6 82. Qe6+ Kh7 83. Qd7+ Kh6 84. Qc6+ Kg7 85.
Qxb5 Qd1+ 86. Kg2 1-0

[Event "GRE-ch TT 32"]
[Site "Kallithea"]
[Date "2003.??.??"]
[Round "8"]
[White "Azmaiparashvili, Zurab"]
[Black "Miladinovic, Igor"]
[Result "1-0"]
[WhiteElo "2702"]
[BlackElo "2609"]
[PlyCount "83"]
[EventDate "2003.07.??"]
[EventType "team"]
[EventRounds "9"]
[EventCountry "GRE"]
[Source "Fruth,M"]
[SourceDate "2003.05.15"]

1. d4 d5 2. c4 Nc6 3. Nf3 Bg4 4. Nc3 e6 5. Bg5 Nge7 6. e3 Qd7 7. h3 Bf5 8. Rc1
a6 9. Bf4 Bg6 10. a3 Rd8 11. Qa4 dxc4 12. Bxc4 Nc8 13. d5 exd5 14. Nxd5 Nb6 15.
Nxb6 cxb6 16. Bxa6 bxa6 17. Qxc6 Qxc6 18. Rxc6 Bc5 19. Rc7 Be4 20. O-O a5 21.
Be5 O-O 22. Bd4 Bxf3 23. Bxc5 bxc5 24. gxf3 Rd2 25. Rb1 Rc2 26. b4 axb4 27.
axb4 c4 28. b5 g6 29. b6 c3 30. Rc4 Rb8 31. b7 Kg7 32. Kg2 h5 33. f4 Rd2 34.
Rxc3 Rd7 35. Rcb3 f5 36. Rb6 h4 37. Kf3 Kh7 38. Ke2 Rc7 39. R1b2 Kg7 40. f3 Kf7
41. e4 fxe4 42. fxe4 1-0

[Event "Imperia Festival 45"]
[Site "Imperia"]
[Date "2003.09.04"]
[Round "6"]
[White "Chatalbashev, Boris"]
[Black "Miladinovic, Igor"]
[Result "0-1"]
[WhiteElo "2509"]
[BlackElo "2609"]
[PlyCount "68"]
[EventDate "2003.08.31"]
[EventType "swiss"]
[EventRounds "9"]
[EventCountry "ITA"]
[Source "Fruth,M"]
[SourceDate "2003.05.15"]

1. d4 d5 2. c4 Nc6 3. Nf3 Bg4 4. Nc3 e6 5. Bg5 Qd7 6. cxd5 exd5 7. e3 Nge7 8.
h3 Be6 9. Bxe7 Bxe7 10. Bb5 O-O 11. Ne5 Qd6 12. Bxc6 bxc6 13. Nd3 Bf5 14. O-O
Qh6 15. Rc1 Bd6 16. Ne2 Rae8 17. Rc3 Re4 18. Ndf4 Bd7 19. Ng3 Re7 20. Qf3 f5
21. Nd3 g5 22. Ne5 Bxe5 23. dxe5 f4 24. exf4 gxf4 25. Ne2 Rxe5 26. Nd4 Rf6 27.
Rfc1 Rg6 28. Kf1 Re4 29. Ne2 Rge6 30. Qg4+ Kf7 31. Re1 Ke7 32. Rcc1 f3 33. Qxf3
Rxe2 34. Qa3+ Ke8 0-1

[Event "II Copa ENTEL, Santiago CHI"]
[Site "?"]
[Date "2005.??.??"]
[Round "4"]
[White "Hellsten, J."]
[Black "Ricardi, P."]
[Result "1/2-1/2"]
[WhiteElo "2550"]
[BlackElo "2545"]
[PlyCount "65"]
[EventDate "2005.??.??"]
[SourceDate "1999.07.01"]

1. d4 d5 2. c4 Nc6 3. Nf3 Bg4 4. Nc3 e6 5. cxd5 exd5 6. Bf4 Bd6 7. Bg3 Bxf3 8.
gxf3 Nge7 9. e3 a6 10. a3 h5 11. Qc2 h4 12. Bxd6 Qxd6 13. Bh3 Nd8 14. f4 Ne6
15. Ne2 a5 16. Ng1 g5 17. Nf3 gxf4 18. Ne5 Ng5 19. Bd7+ Kf8 20. Bg4 f6 21. Nd3
f3 22. Qd1 b6 23. Rc1 Rb8 24. Bxf3 c5 25. dxc5 bxc5 26. Rxc5 Rxb2 27. Be2 Ne4
28. Rc1 Qxa3 29. Nxb2 Qb4+ 30. Kf1 Nd2+ 31. Ke1 Ne4+ 32. Kf1 Nd2+ 33. Ke1
1/2-1/2

[Event "Budapest FS02 GM"]
[Site "Budapest"]
[Date "2004.02.08"]
[Round "9"]
[White "Seres, Lajos"]
[Black "Antal, Gergely"]
[Result "1-0"]
[WhiteElo "2496"]
[BlackElo "2498"]
[PlyCount "97"]
[EventDate "2004.02.07"]
[EventType "tourn"]
[EventRounds "13"]
[EventCountry "HUN"]
[EventCategory "7"]
[Source "ChessBase"]
[SourceDate "2004.03.10"]

1. Nf3 d5 2. d4 Nc6 3. c4 Bg4 4. Nc3 e6 5. cxd5 exd5 6. Bg5 f6 7. Bf4 Bb4 8. e3
Nge7 9. h3 Be6 10. Rc1 g5 11. Bh2 h5 12. a3 Bd6 13. Bxd6 cxd6 14. h4 g4 15. Ng1
g3 16. fxg3 Nf5 17. Qf3 Qe7 18. Nge2 Nh6 19. Nf4 Nxd4 20. Qd1 Nc6 21. Be2 Nf5
22. Ncxd5 Bxd5 23. Nxd5 Qe5 24. O-O Nxg3 25. Nxf6+ Kd8 26. Rf3 Nxe2+ 27. Qxe2
Nd4 28. Qf2 Nxf3+ 29. Qxf3 Rc8 30. Rf1 Rf8 31. Qxh5 Qxh5 32. Nxh5 Rxf1+ 33.
Kxf1 Rc2 34. b4 Ra2 35. Nf4 Ke7 36. g4 Rxa3 37. Ke2 a5 38. bxa5 Rxa5 39. g5 Rc5
40. e4 Kf7 41. Nd5 b5 42. h5 Rc4 43. Kd3 Rc1 44. g6+ Kg7 45. Ne3 b4 46. Nf5+
Kf6 47. g7 Kf7 48. h6 b3 49. h7 1-0

[Event "ACP Blitz Prelim2"]
[Site "playchess.com INT"]
[Date "2004.04.13"]
[Round "16"]
[White "Gustafsson, Jan"]
[Black "Sagalchik, Gennadij"]
[Result "0-1"]
[WhiteElo "2579"]
[BlackElo "2487"]
[PlyCount "92"]
[EventDate "2004.04.13"]
[EventType "tourn (blitz)"]
[EventRounds "17"]
[EventCountry "GER"]
[EventCategory "12"]
[Source "ChessBase"]
[SourceDate "2004.05.04"]

1. Nf3 Nc6 2. d4 d5 3. c4 e5 4. Nxe5 Nxe5 5. dxe5 d4 6. e3 Bb4+ 7. Bd2 dxe3 8.
Qa4+ Bd7 9. Qxb4 exd2+ 10. Nxd2 Ne7 11. Be2 Nc6 12. Qc3 Qg5 13. Nf3 Qxg2 14.
Rg1 Qh3 15. Rxg7 O-O-O 16. O-O-O Qh6+ 17. Rg5 Nxe5 18. Qe3 Nxf3 19. Bxf3 Rhe8
20. Re5 Qxe3+ 21. Rxe3 Rxe3 22. fxe3 b6 23. Rd4 Rg8 24. Kd2 Be6 25. Rh4 Rg7 26.
b3 Kd7 27. Be4 f5 28. Bf3 Kd6 29. Kc3 Ke5 30. Rh6 c5 31. a3 Bg8 32. b4 Rg1 33.
bxc5 bxc5 34. Ra6 Rf1 35. Be2 Re1 36. Bd3 Rxe3 37. Rxa7 f4 38. Rg7 Be6 39. Rxh7
Rxd3+ 40. Kc2 Rxa3 41. Rh5+ Bf5+ 42. Kb2 Rh3 43. Rg5 Rxh2+ 44. Kb3 f3 45. Rg1
f2 46. Rf1 Bd3 0-1

[Event "ESP-chA playoff"]
[Site "Seville"]
[Date "2004.08.18"]
[Round "1"]
[White "Moreno Ruiz, Javier"]
[Black "Moreno Carnero, Javier"]
[Result "1/2-1/2"]
[WhiteElo "2463"]
[BlackElo "2507"]
[PlyCount "169"]
[EventDate "2004.08.18"]
[EventType "match (rapid)"]
[EventRounds "2"]
[EventCountry "ESP"]
[Source "ChessBase"]
[SourceDate "2004.11.11"]

1. d4 d5 2. c4 Nc6 3. Nf3 Bg4 4. Nc3 e6 5. Bf4 Nf6 6. e3 Bb4 7. Rc1 O-O 8. h3
Bxf3 9. Qxf3 Bxc3+ 10. bxc3 Qe7 11. Qd1 e5 12. Bg5 exd4 13. Bxf6 Qxf6 14. cxd4
Ne7 15. Be2 c6 16. O-O Rfd8 17. Qb3 Rd7 18. Bg4 Rc7 19. cxd5 Nxd5 20. Bf3 Rd8
21. Rc5 Ne7 22. Rfc1 g6 23. Qa3 b6 24. R5c2 Rd6 25. Qa4 h5 26. Qb3 Nf5 27. Be2
Qg5 28. Bf1 Ne7 29. Rc4 Rcd7 30. a4 h4 31. Qa3 Rd5 32. Be2 R5d6 33. Bf3 Qf6 34.
a5 Kg7 35. Qb4 Rb7 36. e4 Rd8 37. e5 Qf4 38. d5 Qxe5 39. dxc6 Rc7 40. axb6 axb6
41. Qxb6 Rdc8 42. Rxh4 Nf5 43. Rhc4 Nd6 44. R4c2 Nf5 45. Rc4 Rd8 46. Qc5 Qf6
47. Qa5 Rdc8 48. Qc3 Ne7 49. Qxf6+ Kxf6 50. Bg4 Rb8 51. Bd7 Rb6 52. R1c3 Nd5
53. Rf3+ Kg7 54. Rd4 Nf6 55. Rdf4 Rbxc6 56. Bxc6 Rxc6 57. g4 g5 58. Rf5 Kg6 59.
Kg2 Ra6 60. Re3 Nh7 61. Ree5 Ra7 62. Ra5 Rb7 63. Kg3 Rb3+ 64. f3 Rc3 65. Ra7 f6
66. Rb5 Nf8 67. Rbb7 Ne6 68. Re7 Rc6 69. h4 gxh4+ 70. Kxh4 f5 71. Ra8 fxg4 72.
fxg4 Kf6 73. Raa7 Rc1 74. Rf7+ Kg6 75. Rf3 Rc6 76. Ra5 Rb6 77. Re3 Rc6 78. Rae5
Nd4 79. Rg5+ Kh6 80. Rd5 Ne6 81. Re4 Kg6 82. g5 Ng7 83. Rde5 Rc1 84. Re6+ Nxe6
85. Rxe6+ 1/2-1/2

[Event "Bratto op"]
[Site "Bratto"]
[Date "2004.08.26"]
[Round "7"]
[White "Maksimenko, Andrei"]
[Black "Miladinovic, Igor"]
[Result "0-1"]
[WhiteElo "2524"]
[BlackElo "2630"]
[PlyCount "52"]
[EventDate "2004.08.20"]
[EventType "swiss"]
[EventRounds "9"]
[EventCountry "ITA"]
[Source "ChessBase"]
[SourceDate "2004.09.01"]

1. Nf3 d5 2. d4 Nc6 3. c4 Bg4 4. Nc3 e6 5. Bf4 Nf6 6. e3 a6 7. Rc1 h6 8. a3
dxc4 9. Bxc4 Bd6 10. Bg3 Qe7 11. Be2 Bxg3 12. hxg3 O-O 13. Ne5 Bxe2 14. Nxc6
bxc6 15. Nxe2 Rfb8 16. Rc2 Rb5 17. Nc3 Rg5 18. Qf3 Rd8 19. Qxc6 e5 20. dxe5
Rxe5 21. Ne2 Ng4 22. Qxc7 Qg5 23. Nf4 Nxe3 24. fxe3 Qxg3+ 25. Kf1 Rd1+ 26. Ke2
Re1+ 0-1

[Event "Calvia ol (Men)"]
[Site "Mallorca"]
[Date "2004.10.23"]
[Round "8"]
[White "Ibraev, Nurlan"]
[Black "Iuldachev, Saidali"]
[Result "1-0"]
[WhiteElo "2476"]
[BlackElo "2550"]
[PlyCount "89"]
[EventDate "2004.10.15"]
[EventType "team"]
[EventRounds "14"]
[EventCountry "ESP"]
[Source "ChessBase"]
[SourceDate "2005.01.27"]

1. Nf3 Nc6 2. d4 d5 3. c4 Bg4 4. e3 e5 5. dxe5 dxc4 6. Qa4 Bxf3 7. gxf3 Qd5 8.
Nc3 Qxe5 9. f4 Qa5 10. Qxc4 Qb4 11. a3 Qxc4 12. Bxc4 g6 13. b4 Bg7 14. Bb2 Rd8
15. Rb1 Nge7 16. Ne4 Bxb2 17. Rxb2 O-O 18. Ke2 Kg7 19. Rc1 Nf5 20. Bd3 Rc8 21.
Nc5 Nd8 22. Bxf5 gxf5 23. Rg1+ Kh8 24. Rg5 b6 25. Nd7 Re8 26. Rxf5 Re7 27. Rd2
Ne6 28. Ne5 c5 29. bxc5 bxc5 30. Rxf7 Rxf7 31. Nxf7+ Kg7 32. Rd7 Rc7 33. Ne5+
Rxd7 34. Nxd7 Kg6 35. Ne5+ Kf5 36. Kf3 h5 37. h3 Nc7 38. e4+ Ke6 39. Nc4 Nb5
40. f5+ Kf6 41. Kf4 Nc3 42. e5+ Ke7 43. Kg5 Ne4+ 44. Kxh5 Nxf2 45. h4 1-0

[Event "CRO-ch"]
[Site "Zagreb"]
[Date "2004.11.19"]
[Round "4"]
[White "Jankovic, Alojzije"]
[Black "Fercec, Nenad"]
[Result "0-1"]
[WhiteElo "2477"]
[BlackElo "2477"]
[PlyCount "68"]
[EventDate "2004.11.16"]
[EventType "tourn"]
[EventRounds "11"]
[EventCountry "CRO"]
[EventCategory "10"]
[Source "ChessBase"]
[SourceDate "2005.04.01"]

1. d4 d5 2. c4 Nc6 3. Nf3 Bg4 4. cxd5 Bxf3 5. gxf3 Qxd5 6. e3 e5 7. Nc3 Bb4 8.
Bd2 Bxc3 9. bxc3 Qd6 10. Rb1 O-O-O 11. Qb3 b6 12. Bh3+ Kb8 13. Qxf7 Nf6 14. O-O
Rhe8 15. Kh1 g5 16. Bc1 g4 17. fxg4 Rf8 18. Qc4 Ne4 19. Rb2 Ng5 20. Bg2 e4 21.
Rb5 Nf3 22. Rh5 Qg6 23. h3 Rd7 24. Qb5 Qd6 25. Bxf3 Rxf3 26. Kg2 Rdf7 27. Qg5
Kb7 28. d5 Na5 29. Qe5 Qf8 30. Rf5 R7xf5 31. gxf5 Qh6 32. Rh1 Qh4 33. Rf1 Qxh3+
34. Kg1 Qg4+ 0-1